| 000 | 00571nam a22001577a 4500 | ||
|---|---|---|---|
| 999 |
_c533442 _d533442 |
||
| 020 | _qHard Cover. | ||
| 082 | _a624.1 | ||
| 100 | _aJaved, Khurram | ||
| 245 |
_aA Study of Self Compacting Cementitious System using Lime Stone Powder, Marble Powder and Ground Granulated Blast Furnace SLAG / _cKhurram Javed. |
||
| 260 |
_aIslamabad: _bSCEE - Nust, _c2012. |
||
| 300 |
_a62 p. : _bill. ; _c30cm. |
||
| 942 |
_2ddc _cTHE |
||
| 650 |
_aStructural Engineering MS-Thesis. _917039 |
||
| 700 |
_aDr. Syed Ali Rizwan _927327 |
||